MARC details
| 000 -CABECERA |
| campo de control de longitud fija |
03134nam a2200337 a 4500 |
| 001 - NÚMERO DE CONTROL |
| campo de control |
BRCA_2816 |
| 005 - FECHA Y HORA DE LA ÚLTIMA TRANSACCIÓN |
| campo de control |
20190320204001.0 |
| 008 - DATOS DE LONGITUD FIJA--INFORMACIÓN GENERAL |
| campo de control de longitud fija |
091208s1911----sp-#---###---#000-0#spa-u |
| 041 ## - CÓDIGO DE LENGUA |
| Código de lengua del texto/banda sonora o título independiente |
spa |
| 044 ## - CÓDIGO DEL PAÍS DE LA ENTIDAD EDITORA/PRODUCTORA |
| Código MARC del país |
sp |
| 084 ## - OTRO NÚMERO DE CLASIFICACIÓN |
| Número de clasificación |
260 |
| Número de documento/Ítem |
.L438 |
| -- |
1911 |
| 100 1# - ENTRADA PRINCIPAL--NOMBRE DE PERSONA |
| Nombre de persona |
Cervantes Saavedra, Miguel de |
| Fechas asociadas al nombre |
1547-1616 |
| 9 (RLIN) |
213 |
| 245 10 - MENCIÓN DE TÍTULO |
| Título |
El Ingenioso Hidalgo Don Quijote de la Mancha |
| Mención de responsabilidad, etc. |
Miguel de Cervantes Saavedra. |
| 260 ## - PUBLICACIÓN, DISTRIBUCIÓN, ETC. |
| Lugar de publicación, distribución, etc. |
Madrid |
| Nombre del editor, distribuidor, etc. |
Ediciones de la Lectura |
| Fecha de publicación, distribución, etc. |
1911 |
| 300 ## - DESCRIPCIÓN FÍSICA |
| Extensión |
8 v. |
| Dimensiones |
24 cm. |
| 440 #0 - MENCIÓN DE SERIE/PUNTO DE ACCESO ADICIONAL--TÍTULO |
| Título |
Clásicos castellanos |
| 9 (RLIN) |
7901 |
| 500 ## - NOTA GENERAL |
| Nota general |
Contenido : v 1. Primera parte. Prólogo de F. Rodríguez Marín. Dedicatoria del autor. Prólogo del autor. Versos preliminares. Texto. -- v 2. Texto. -- v 3. Texto. -- v 4. Texto. -- v 5. Segunda parte. Dedicatoria del autor. Prólogo del autor. Texto. -- v 6. Texto. -- v 7. Texto. -- v 8. Texto |
| 500 ## - NOTA GENERAL |
| Nota general |
Edición : Edición y notas de Francisco Rodríguez Marín de la R. Academia Española |
| 500 ## - NOTA GENERAL |
| Nota general |
Otra de las más notables ediciones publicadas hasta esos días. Rodríguez Marín, uno de los más prominentes cervantistas españoles, tanto por su vasta erudición como por la amplitud de sus estudios y ocupaciones -decicó 40 años a la indagación cervantina, fue abogado, periodista, poeta, investigador, director de la Biblioteca Nacional, y crítico literario- aportó mucho al esclarecimineto de las minucias históricas y literarias de la época filipina con sus prolijas notas. Por otra parte, contribuyó no poco a la aclaración de ciertos aspectos de la vida de Cervantes con el descubrimiento de numerosos documentos nuevos. El texto de su edición fue durante mucho tiempo considerado como el más depurado. Mas, últimamente se le critica de haber incurrido con frecuencia en los mismos errores que reprochaba a sus predecesores, sobre todo, a Clemencín. Además, como conservador, aunque moderado y serio, se fijaba mucho más en la letra que en el espíritu y contenido de la novela, habiéndola considerando como mero libro de entretenimiento y buen decir. Su conservadurismo se manifiesta en su afirmación, según la cual, la Inquisición prácticamente no habría tocado la obra, a pesar de que el Santo Oficio portugués -a la sazón dependiente del español por formar parte Portugal del Imperio de los Austrias- había mandado expurgar por lo menos doce pasajes, la mayoría de los cuales eran poco respetuosos para con la Iglesia católica y sus ministros. La impresión hecha sobre el papel pluma, con tipos finos y claros, es excelente. Rústica Lúdovik Osterc |
| 500 ## - NOTA GENERAL |
| Nota general |
Estado físico : La encuadernación del primer volúmen es de papel |
| 500 ## - NOTA GENERAL |
| Nota general |
Existencias : Ejemplar numerado con el folio 117 |
| 500 ## - NOTA GENERAL |
| Nota general |
QM1169 |
| 650 14 - PUNTO DE ACCESO ADICIONAL DE MATERIA--TÉRMINO DE MATERIA |
| Término de materia o nombre geográfico como elemento de entrada |
Novela española |
| Subdivisión cronológica |
Época clásica, 1500-1700 |
| 9 (RLIN) |
215 |
| 650 14 - PUNTO DE ACCESO ADICIONAL DE MATERIA--TÉRMINO DE MATERIA |
| Término de materia o nombre geográfico como elemento de entrada |
Literatura española |
| Subdivisión cronológica |
Época clásica, 1500-1700 |
| 9 (RLIN) |
216 |
| 650 14 - PUNTO DE ACCESO ADICIONAL DE MATERIA--TÉRMINO DE MATERIA |
| Término de materia o nombre geográfico como elemento de entrada |
Novela española |
| Subdivisión cronológica |
Siglo XVII |
| 9 (RLIN) |
217 |
| 650 14 - PUNTO DE ACCESO ADICIONAL DE MATERIA--TÉRMINO DE MATERIA |
| Término de materia o nombre geográfico como elemento de entrada |
Don Quijote (Personaje ficticio) |
| Término indicativo de función/relación |
Novela |
| 9 (RLIN) |
218 |
| 700 1# - PUNTO DE ACCESO ADICIONAL--NOMBRE DE PERSONA |
| Nombre de persona |
Rodríguez Marín, Francisco |
| Fechas asociadas al nombre |
1855-1945 |
| Término indicativo de función/relación |
Anotador |
| 9 (RLIN) |
7902 |
| 740 0# - PUNTO DE ACCESO ADICIONAL--TÍTULO RELACIONADO O ANALÍTICO NO CONTROLADO |
| Título relacionado o analítico no controlado |
El Ingenioso Hidalgo Don Quijote de la Mancha |
| 902 ## - CATALOGADOR |
| Iniciales |
QFM |
| 942 ## - ELEMENTOS DE PUNTO DE ACCESO ADICIONAL (KOHA) |
| Fuente del sistema de clasificación o colocación |
Library of Congress Classification |
| Tipo de ítem Koha |
Libros |